02109nam a2200337Ia 4500003000900000005001700009008004100026020001800067040003300085082001400118084001100132100004300143245011200186250004100298260007300339264003100412300002600443336002700469337003300496338002800529490002000557500004200577500088500619586003701504650003901541650004301580650003301623650003501656650003801691650004201729CO-MqBPB20220603152540.0161108s2015 ck g 000 0 spa  a9789588886206 aCO-MqBPBbspaerdacCO-MqBPB aAN bGARr aN GAR21 aGarcía Márquez, Gabrield1928-201410aRelato de un náufrago :bque estuvo diez días a la deriva en una balsa... /cGabriel García Márquez aPrimera ediciónb15a reimpresión aBogotá D.C. , ColombiabPenguin Random House Grupo Editorialc2022 aBogotábDebolsilloc2022 a170 páginasc 19 cm atextobtxt2rdacontent asin mediaciónbn2rdamedia avolumenbnc2rdacarrier aContemporánea aIncluye datos biográficos del autor a«Mi libro preferido, y el primero que escribí». Gabriel García Márquez «Su narración más perfecta». El País Este debía ser el reportaje sobre un hombre, Luis Alejandro Velasco, que estuvo diez días a la deriva en una balsa mecida por el mar Caribe. El entonces joven periodista de El Espectador de Bogotá escuchó el relato de los hechos de boca de su protagonista, y lo transformó, tal vez sin pretenderlo, en un prodigioso ejercicio literario, una narración escueta y vigorosa donde late el pulso de un gran escritor. La publicación por entregas del reportaje en 1 955 supuso un alboroto político considerable -se revelaba la existencia de contrabando ilegal en un buque de la Armada colombiana, lo que costó la vida de siete marineros y el naufragio, más afortunado, de Velasco- y el exilio para su autor, que se vio abocado a una nueva vida. aPremio nobel de literatura, 1982142LEMBaNovela colombiana ySiglo XX142LEMBaLiteratura colombiana ySiglo XX142LEMBaMares en la literatura142LEMBaSoledad en la literatura142LEMBaNaufragios en la literatura142LEMB aSupervivencia en la literatura